| 000 | 01126cam a2200277 4500 | ||
|---|---|---|---|
| 001 | ABS64797 | ||
| 008 | 011126n2001 000 0 eng u | ||
| 035 | _a(Sirsi) u115741 | ||
| 100 | _aForrest, E. | ||
| 245 | _aAsbestos risk must be reduced | ||
| 260 | _c2001 | ||
| 490 |
_aConstruction News _v(6742) 15 November 2001, 26-27(2) |
||
| 520 | _aReports on "Duty to manage"proposed new legislation on the management of asbestos in buildings. The occupiers of and those who maintain buildings will be under a new responsibility to manage asbestos in buildings. The proposed legislation will require that a full survey of the building has been carried out, registering where asbestos is, or likely to be present. | ||
| 590 | _aABS | ||
| 650 | _aCONSTRUCTION WORKERS | ||
| 650 | _aDEATHS | ||
| 650 | _aCONTROL OF ASBESTOS AT WORK REGULATIONS 1987 | ||
| 650 | _aCONSULTATION | ||
| 650 | _aCONSTRUCTION INDUSTRY | ||
| 650 | _aOWNERS | ||
| 650 | _aMANAGING AGENTS | ||
| 650 | _aMANAGEMENT-HEALTH AND SAFETY-HAZARDOUS SUBSTANCES-ASBESTOS | ||
| 650 | _aSURVEYS | ||
| 690 |
_aHEALTH AND SAFETY _96244 |
||
| 942 | _n0 | ||
| 999 |
_c68942 _d68942 |
||